000 00294nam a22001217a 4500
040 _cSY
082 _a632
100 _aNGIN CHHAY; និង ឆាយ
245 _aCrop protection, កិច្ចការពារដំណាំ
260 _aRUA
_bNGI
_c1997
300 _a140p.
942 _cKB
999 _c9511
_d9511